000 00556nam a2200193Ia 4500
005 20250326140542.0
008 250326s9999 xx 000 0 und d
020 _a81-7476-266-3
037 _aTextbook
040 _aFMSL
_beng
_cFMSL
041 _aeng
_2eng
084 _aX62.44 P0
_qFMSL
100 _aReddy Y V
245 0 _aMonetary and ficial sector reforms in India :central bankers perspective
_cReddy Y V
260 _aNew Delhi
_bNew Delhi, UBS
_c2000
300 _a365p
942 _cTB
_hX62.44 P0
999 _c1286276
_d1286276